000 00392cam a22001217a 4500
008 180718b-- xxu||||| |||| 00| 0 eng d
082 _aT19065x54 RB
245 _aHandbook of statistics on the Indian economy
260 _aMumbai
_bReserve Bank of India
_c--
500 _aLibrary has 1998-2008/09, 2010/11
650 _aIndia - Economic conditions - Statistics
700 _aReserve Bank of India
999 _c487852
_d487852